Comparsas de Juan Carlos Aragón - Estadísticas

Estadísticas generales
  • Esta prueba ha sido intentada 35 veces
  • La puntuación promedio es 14 de 21
Estadísticas de respuestas
Año Comparsa % Correcto
2019 La Gaditanissima
96%
2015 Los Millonarios
92%
2017 Los Peregrinos
83%
2012 La Sereníssima
83%
2018 Los Mafiosos
83%
2002 Los Ángeles Caídos
79%
2016 La Guayabera
75%
2007 Araka la Kana
71%
2014 Los Ladrones
71%
2006 Los Parias
71%
2001 Condenaos
67%
2003 Los Americanos
67%
2013 Catastrophic Magic Band
63%
2008 La Banda del Capitán Veneno
63%
2011 Los Príncipes
63%
2010 Las Noches de Bohemia
58%
2004 1800 Los Inmortales
54%
2005 El Golfo de Cádiz
54%
2009 Los Comparsistas se la dan de Artistas
54%
1983 Contrabandistas
8%
1984 Juerga
8%
No se encontraron pruebas coincidentes
Distribución de puntuación
Porcentaje de gente con cada puntuación
Porcentaje por número respondido
Historial de tus puntuaciones
No has intentado esta prueba.